Biblioteca

Memorias del Congreso Nacional de Educación Superior : Barranquilla, Diciembre 1´, 2 y 3 de 1999 / Instituto Colombiano para el Fomento de la Educación Superior ; Kemel George, Asesor Académico, Ernesto Camargo, Asesor Administrativo (Registro nro. 37815)

Detalles MARC
000 -LÍDER
Campo fijo de descripción fija 007780000a22001810004500
001 - NÚMERO DE CONTROL
Campo de control 7608
041 0# - CÓDIGO DE IDIOMA
Código de idioma para texto/pista de sonido o título separado
082 04 - NÚMERO DE CLASIFICACIÓN DECIMAL DEWEY
Número de clasificación G 378.9861 S6233m
245 10 - TÍTULO
Título del Material Memorias del Congreso Nacional de Educación Superior : Barranquilla, Diciembre 1´, 2 y 3 de 1999 / Instituto Colombiano para el Fomento de la Educación Superior ; Kemel George, Asesor Académico, Ernesto Camargo, Asesor Administrativo
260 ## - PUBLICACIÓN, DISTRIBUCIÓN, ETC. (PIE DE IMPRENTA)
Lugar de publicación, distribución, etc. Bogotá, D.C., Colombia : ICFES
300 ## - DESCRIPCIÓN FÍSICA
Extensión 965 Pag
336 ## - CONTENT TYPE
Content type term texto
Content type code txt
Source rdacontent
337 ## - MEDIA TYPE
Source rdamedia
Media type term sin mediación
Media type code n
338 ## - CARRIER TYPE
Source rdacarrier
Carrier type term volumen
Carrier type code nc
505 00 - NOTA DE CONTENIDO
Nota de contenido con formato preestablecido Vol. 1 Proyecto de Nación. Vol. 2 Ciencia y Tecnología. Vol. 3 Políticas públicas
942 ## - TIPO DE MATERIAL (KOHA)
Tipo de Item KOHA Libros General
Existencias
Estado de Material Estado de Perdido Volumen-Parte/Tomo Estado de Dañado No para Préstamo Colección Tomo Biblioteca de Origen Biblioteca Permanente Fecha de Adquisición Total de Préstamos Signatura Topográfica Código de Barras Última vez visto Ejemplar/Existencia Fecha de Remplazo Tipo de Material
    3     Colección General   Biblioteca FUSBC Biblioteca FUSBC 04/04/2006   G 378.9861 S6233m 15901 12/12/2019 2 26/01/2016 Libros General
    3     Colección General   Biblioteca FUSBC Biblioteca FUSBC 07/01/2005   G 378.9861 S6233m 29035 12/12/2019 1 26/01/2016 Libros General
    2     Colección General   Biblioteca FUSBC Biblioteca FUSBC 07/01/2005   G 378.9861 S6233m 29034 12/12/2019 1 26/01/2016 Libros General
    1     Colección General   Biblioteca FUSBC Biblioteca FUSBC 07/01/2005   G 378.9861 S6233m 29033 12/12/2019 1 26/01/2016 Libros General
    1     Colección General   Biblioteca FUSBC Biblioteca FUSBC 04/04/2006   G 378.9861 S6233m 15903 12/12/2019 2 26/01/2016 Libros General
    2     Colección General   Biblioteca FUSBC Biblioteca FUSBC 04/04/2006   G 378.9861 S6233m 15902 12/12/2019 2 26/01/2016 Libros General

Biblioteca FUSBC | Teléfono: (57+4) 349 88 10 Ext. 141| WhatsApp (+57) 3005338115 
E-mail: biblioteca@unisbc.edu.co | Calle 76 87-14 Robledo Palenque, Medellín, Colombia

Con tecnología Koha